Fr. Thomae Mariae Mamachi Ord. Praedicator. Theol. Casanatensis Epistolarum ad Justinum Febronium jurisconsultum (Record no. 8634)

MARC details
000 -CABECERA
campo de control de longitud fija 00776nam a2200217 a 4500
001 - NÚMERO DE CONTROL
campo de control BRCA_8983
005 - FECHA Y HORA DE LA ÚLTIMA TRANSACCIÓN
campo de control 20190320210500.0
008 - DATOS DE LONGITUD FIJA--INFORMACIÓN GENERAL
campo de control de longitud fija 110717s1778----it-#######---#000-0#lat-#
041 ## - CÓDIGO DE LENGUA
Código de lengua del texto/banda sonora o título independiente lat
044 ## - CÓDIGO DEL PAÍS DE LA ENTIDAD EDITORA/PRODUCTORA
Código MARC del país it
084 ## - OTRO NÚMERO DE CLASIFICACIÓN
Número de clasificación CO81
Número de documento/Ítem .M36 1778
100 1# - ENTRADA PRINCIPAL--NOMBRE DE PERSONA
Nombre de persona Mamachi, Tommaso Maria
Fechas asociadas al nombre 1713 - 1792
9 (RLIN) 22299
245 10 - MENCIÓN DE TÍTULO
Título Fr. Thomae Mariae Mamachi Ord. Praedicator. Theol. Casanatensis Epistolarum ad Justinum Febronium jurisconsultum
Resto del título liber III
260 ## - PUBLICACIÓN, DISTRIBUCIÓN, ETC.
Lugar de publicación, distribución, etc. Romae
Nombre del editor, distribuidor, etc. Typis Generosi Salomoni
Fecha de publicación, distribución, etc. 1778
300 ## - DESCRIPCIÓN FÍSICA
Extensión 542 p. XXIV, (t.3)
Dimensiones 21 x 14.2 cm
500 ## - NOTA GENERAL
Nota general Superiorum Facultate
500 ## - NOTA GENERAL
Nota general Estado físico: presenta encuadernación en pergamino con presencia del pez de plata
650 14 - PUNTO DE ACCESO ADICIONAL DE MATERIA--TÉRMINO DE MATERIA
Término de materia o nombre geográfico como elemento de entrada Iglesia y estado
Subdivisión cronológica Obras anteriores a 1800
9 (RLIN) 21950
902 ## - CATALOGADOR
Iniciales CFM
942 ## - ELEMENTOS DE PUNTO DE ACCESO ADICIONAL (KOHA)
Fuente del sistema de clasificación o colocación Library of Congress Classification
Tipo de ítem Koha Libros
Holdings
Estado de retiro Estado de pérdida Estado dañado No para préstamo Localización permanente Ubicación/localización actual Fecha de adquisición Total de préstamos Signatura topográfica completa Código de barras Fecha visto por última vez Precio válido a partir de Tipo de ítem Koha
El ejemplar forma parte de la colección y puede ser consultado según las políticas vigentes.       Biblioteca del Museo Franz Mayer (Rogerio Casas-Alatriste) Biblioteca del Museo Franz Mayer (Rogerio Casas-Alatriste) 11/07/2017   CO81 .M36 1778 CFM00382 22/03/2019 22/03/2019 Libros